000 00739nam a22001817a 4500
003 NUST
040 _a0
082 _a621.382,RAH
100 _aRahim, Adeena
_9118352
245 _aSUNERGY and BHMS /
_cAdeena Rahim, Muhammad Junaid Rehmat, Muhammad Hasnain Naimat Alvi and Muhammad Aitzaz Azam. (TCC-31 / BETE-56)
264 _aRawalpindi
_bMCS (NUST)
_c2023
300 _a65 p.;
505 _aIntroduction (Page-1), Literature Review (Page-11), Interfacing and Detection (Page-14), Web And Mobile Dashboard (Page-24), Hardware Construction (Page-29), Conclusion (Page-41).
650 _aUG EE Project
_9118090
690 _aTCC-31 / BETE-56
_9118237
700 _aSupervised by Usman Mehmood Malik
_9132698
942 _2ddc
_cPR
999 _c603317
_d603317